Statistics for Pearl River Delta Cities Map Quiz 珠三角城市群

Click here to take the quiz!

General Stats

  • This quiz has been taken 230 times
  • The average score is 12 of 25

Answers on the Map

Answers color-coded by a green-red scale on the quiz's map according to % correct below.
 

Answer Stats

Answer% Correct
Guangzhou
广州
88%
Hong Kong
香港
86%
Shenzhen
深圳
86%
Dongguan
东莞
80%
Foshan
佛山
74%
Macau
澳門
74%
Zhuhai
珠海
72%
Zhongshan (Shiqi)
中山 (石岐)
56%
Huizhou
惠州
52%
Zhaoqing
肇庆
47%
Panyu
番禺
45%
Nansha
南沙
44%
Huiyang
惠阳
39%
Shunde
顺德
39%
Conghua
从化
38%
Zengcheng
增城
36%
Jiangmen
江门
34%
Huadu
花都
28%
Sanshui
三水
25%
Sihui
四会
24%
Taishan
台山
24%
Kaiping
开平
22%
Enping
恩平
21%
Xinhui
新会
21%
Heshan
鹤山
18%

Score Distribution

Percentile by Number Answered

Percent of People with Each Score

Your Score History

You have not taken this quiz